Pays avec le plus de mammifères menacés - Statistiques

Statistiques générales
  • Ce quiz a été pris 19 fois
  • Le résultat moyen est 15 sur 20
Statistiques - réponses
Hint Réponse % Correct
73 Chine
100%
40 États‑Unis
100%
63 Australie
94%
80 Brésil
94%
93 Inde
94%
58 Colombie
88%
191 Indonésie
88%
71 Malaisie
88%
53 Pérou
76%
96 Mexique
71%
56 Vietnam
71%
47 Équateur
65%
41 Papouasie‑Nouvelle‑Guinée
65%
40 Tanzanie
65%
59 Thaïlande
65%
45 Laos
53%
39 Cambodge
47%
121 Madagascar
47%
49 Myanmar
47%
46 Cameroun
41%
Aucun quiz correspondant
Distribution des résultats
% des personnes avec chaque résultat
Percentile par nombre de réponses
Votre historique - résultats
Vous n’avez pas pris ce quiz